000 00447nam a2200181Ia 4500
001 1213
005 20260306140615.0
008 260306t2004||||xx |||||||||||||| ||spa||
041 _aESP
082 _a189.4
_bB77
100 _aBeuchot, Mauricio
_eAUT
245 0 _aIntroducción a la filosofía de Santo Tomás de Aquino
260 _c2004
300 _a281 páginas :
_c20 cm.
650 _aGEN
654 _aCHU
942 _cLIB
_dJUS
_fJUS
_2ddc
_n
999 _c1213
_d1213